000 00627cam a22002411 4500
001 9416918
005 20180131034050.0
008 711130s1967 nyua b 000 0 eng
010 _a 67015060
015 _aGB68-9683
035 _a(OCoLC)176431
040 _aDLC
_cODaWU
_dOCoLC
_dUk
_dDLC
041 _aeng
042 _apremarc
080 _a370.́973
082 _a370.́973 GIB
100 2 _a46
101 _aEDU
245 1 0 _aSocial foundations of education; current issues and research.
504 _aBibliographical footnotes.
906 _a7
_bcbc
_coclcrpl
_du
_encip
_f19
_gy-gencatlg
942 _2ddc
_cBK
999 _c41323
_d41323